[Event "Skalica Open 2019"]
[Site "Skalica"]
[Date "2019.08.25"]
[Round "1.10"]
[White "Hrbek, Stepan"]
[Black "Sahidi, Samir"]
[Result "0-1"]
[WhiteElo "2066"]
[BlackElo "2366"]
[Annotator "TA"]
[PlyCount "64"]
[EventDate "2019.08.25"]
[EventType "swiss"]
[EventCountry "SVK"]
[SourceTitle "playchess.com"]
[Source "ChessBase"]
[SourceQuality "1"]

{[%evp 16,64,52,12,16,-26,0,-49,0,-58,-52,-99,-78,-83,-62,-69,-65,-86,-92,-247,-243,-245,-242,-218,-207,-262,-250,-235,-204,-172,-187,-164,-72,-72,-68,-68,-73,-73,-73,-73,-66,-79,0,-885,-919,-1285,-1249,-1596,-590,-1577,-1566]} 1. e4 c5 2. Nf3 e6 3. d4 cxd4 4. Nxd4 Nf6 5. Nc3 d6 6. Be3 Be7 7. f3 a6 8. Qd2 b5 {[%cal Bb7b5,Bb5b4][%mdl 32]} 9. O-O-O h5 {B80: Sicilian Scheveningen: 6 g3 and 6 Be3, including English Attack} 10. Qe1 $146 ({Predecessor:} 10. g3 Bb7 11. Bh3 Nc6 12. Nxc6 Bxc6 13. Kb1 b4 14. Ne2 a5 15. Nd4 {½-½ (33) Topalov,V (2749)-Nakamura,H (2780) Saint Louis 2017}) 10... Qc7 11. g3 Nbd7 {Black is slightly better.} 12. Bh3 (12. a3 $11) 12... Nb6 $15 13. Bg5 b4 $1 {[%cal Rb4c3]} 14. Nce2 Rb8 15. Kb1 (15. Qxb4 $2 Nc4 $19) 15... Nc4 16. Nf4 {[#]} Qc5 $1 {[%cal Rc5g5]} 17. Bxf6 $2 (17. Bh4 $17) 17... Bxf6 $19 18. Nb3 Qa7 ({Less strong is} 18... Qe5 19. Nd3 $11) 19. Nd3 a5 20. f4 a4 21. e5 axb3 $40 {[%mdl 128] Black wants a kill.} 22. cxb3 Ne3 23. exf6 Nxd1 (23... gxf6 $19 {and Black stays clearly on top.} 24. Qf2 Ra8 25. Nxb4 Bb7) 24. fxg7 $17 Rg8 25. Qxd1 Qd4 26. Qe2 {[#]} Ba6 $1 {[%cal Ra6d3]} ({Much worse is} 26... Qxg7 $6 27. Rd1 $11) ({Don't play} 26... Rxg7 27. Nf2 $11) 27. Rd1 {Threatens to win with Bxe6!} Rxg7 28. Qf3 {aiming for Qc6+.} Rc8 ({Black should try} 28... Qd5 $17 29. Qxd5 exd5) 29. Nf2 $2 {[%mdl 8192]} (29. Bf1 $11) 29... Qc5 $19 {Black is clearly winning.} 30. a4 bxa3 {( -> ...Qc2+)} 31. bxa3 Qc2+ 32. Ka1 {[#]} Be2 $1 {[%mdl 64] Double Attack. Accuracy: White = 43%, Black = 72%.} 0-1

[Event "Skalica Open 2019"]
[Site "Skalica"]
[Date "2019.08.25"]
[Round "1.11"]
[White "Jablonicky, Martin"]
[Black "Sefcik, Marek"]
[Result "1-0"]
[WhiteElo "2343"]
[BlackElo "2024"]
[Annotator "TA"]
[PlyCount "43"]
[EventDate "2019.08.25"]
[EventType "swiss"]
[EventCountry "SVK"]
[SourceTitle "playchess.com"]
[Source "ChessBase"]
[SourceQuality "1"]

{[%evp 9,43,80,96,81,121,108,108,107,108,105,129,88,98,64,94,79,92,66,282,254,379,381,460,470,553,545,652,677,704,745,1231,953,1159,1175,1110,1085]} 1. e4 c6 2. d4 d6 3. c4 Nd7 4. Nc3 h6 5. Be3 (5. g3 e5 6. Nge2 g6 7. Bg2 Bg7 8. O-O h5 9. d5 c5 10. h4 a6 11. a4 {0-1 (47) Kramnik,V (2800)-Dubov,D (2701) Moscow 2018}) 5... Qa5 $146 ({Predecessor:} 5... g5 6. Bd3 Bg7 7. Nge2 Nf8 8. Qd2 Nf6 9. f3 a6 10. Rc1 Ng6 11. O-O {½-½ (32) Wells,J (1978)-Hymer,B (1886) Harrogate 2019}) 6. Nf3 {B12: Caro-Kann: Advance Variation} g5 7. Rb1 Bg7 8. b4 {White is better.} Qc7 9. Be2 Ngf6 10. O-O Nf8 11. e5 Ng4 12. exd6 exd6 13. Bc1 Bf5 $2 ({Black should try} 13... Ng6 $1 $14) 14. Bd3 $18 Be6 (14... Bxd3 {keeps fighting.} 15. Qxd3 Kd8) 15. Bb2 Nf6 {[#]} 16. d5 $1 {[%mdl 512] White is clearly winning.} Bg4 (16... cxd5 17. cxd5) 17. Re1+ Kd8 {If only Black now had time for ...N8d7....} 18. h3 Bxf3 19. Qxf3 {Black must now prevent Nb5.} Ng6 20. Ne4 Nxe4 21. Bxg7 f5 22. Bxh8 {Accuracy: White = 55%, Black = 22%.} 1-0

[Event "Skalica Open 2019"]
[Site "Skalica"]
[Date "2019.08.25"]
[Round "1.12"]
[White "Khmelev, Mikhail"]
[Black "Aleksandrovskiy, Dmitriy"]
[Result "1/2-1/2"]
[WhiteElo "2021"]
[BlackElo "2284"]
[Annotator "TA"]
[PlyCount "91"]
[EventDate "2019.08.25"]
[EventType "swiss"]
[EventCountry "SVK"]
[SourceTitle "playchess.com"]
[Source "ChessBase"]
[SourceQuality "1"]

{[%evp 13,91,23,14,3,14,0,-8,0,19,15,18,7,11,7,20,8,8,12,31,16,15,11,7,0,8,2,2,5,4,7,12,0,64,60,127,81,98,93,87,93,105,66,70,64,86,86,89,81,164,164,164,83,98,64,64,64,66,73,66,73,65,55,54,28,79,79,79,41,41,41,41,41,41,41,47,47,48,48,50,42]} 1. e4 c5 2. Nf3 Nc6 3. Bb5 g6 4. O-O Bg7 5. Re1 Nf6 6. h3 O-O 7. c3 Qb6 8. Bxc6 {B31: Sicilian: 2...Nc6 3 Bb5 g6} (8. Na3 d5 9. e5 Ne8 10. d4 cxd4 11. cxd4 Nc7 12. Ba4 Bf5 13. Bc2 e6 14. g4 Bxc2 15. Nxc2 f6 16. exf6 Rxf6 {½-½ (53) Vachier Lagrave,M (2788)-Caruana,F (2795) chess.com INT 2016}) 8... bxc6 9. d4 cxd4 10. cxd4 {The position is equal.} d5 11. e5 Ne4 12. Nc3 Nxc3 13. bxc3 Qa5 14. Bg5 Re8 $146 ({Predecessor:} 14... f6 15. exf6 exf6 16. Bf4 Bf5 17. Qb3 Qb6 18. Re7 Rf7 19. Re3 {½-½ (19) Hebert,J (2255)-Duer,A Groningen 1977}) 15. Qd2 Bf5 16. Nh4 Be6 17. Rab1 {[%cal Ba1b1,Bb1b7,Bb7c7][%mdl 32]} c5 18. Rb7 cxd4 19. cxd4 Qxd2 20. Bxd2 Bc8 21. Rc7 Ba6 22. Bb4 Bc4 (22... e6 $11) 23. Bxe7 $14 Reb8 (23... Rec8 $14 24. Rxc8+ Rxc8) 24. Bc5 a5 25. e6 $36 {[%mdl 2048] Black is under strong pressure.} fxe6 26. Rxe6 Re8 27. Rxe8+ (27. Rec6 {seems wilder.} Bb5 28. Rb6 Rab8 29. Rxb8 Rxb8 30. Nf3) 27... Rxe8 28. a3 a4 29. Nf3 Bf6 30. g4 h5 (30... Be2 $16 {is a better defense.} 31. Kg2 h5) 31. g5 $18 Bg7 32. Bd6 (32. Nh4 $18) 32... Re4 33. Ne5 {aiming for Rc8+.} Bxe5 34. Bxe5 $14 {[%mdl 4096] [#] Endgame Black must now prevent Rg7+. KRB-KRB} Re1+ 35. Kh2 Bd3 36. h4 Be4 37. Bf6 Ra1 38. Rc3 Ra2 (38... Rb1 $11 {remains equal.}) 39. Kg3 $16 Rc2 40. Rc5 (40. Rxc2 {feels hotter.} Bxc2 41. Kf4 Kf7 42. Ke5 Be4 43. f4) 40... Rxc5 {White is slightly better.} 41. dxc5 $14 {Hoping for Kf4. KB-KB} Kf7 42. Kf4 {And now Ke5 would win.} Ke6 43. Be5 Kd7 44. Ke3 Kc6 45. Kd4 Bf5 46. Bf4 {Accuracy: White = 51%, Black = 50%.} 1/2-1/2

[Event "Skalica Open 2019"]
[Site "Skalica"]
[Date "2019.08.25"]
[Round "1.13"]
[White "Danada, Tomas"]
[Black "Gresova, Zuzana"]
[Result "1/2-1/2"]
[WhiteElo "2266"]
[BlackElo "2008"]
[Annotator "TA"]
[PlyCount "59"]
[EventDate "2019.08.25"]
[EventType "swiss"]
[EventCountry "SVK"]
[SourceTitle "playchess.com"]
[Source "ChessBase"]
[SourceQuality "1"]

{[%evp 15,59,0,22,-3,16,-5,0,0,0,0,64,0,10,0,4,0,4,4,73,49,14,25,81,69,66,39,66,0,0,-1,-8,-12,-12,-47,-18,-22,0,-1,-1,-76,0,-32,0,-25,8,-61]} 1. d4 d5 2. c4 c6 3. Nf3 Nf6 4. Nc3 e6 5. g3 dxc4 6. Bg2 Nbd7 7. a4 Be7 8. O-O O-O 9. a5 {E01: Catalan: Early deviations} (9. e4 a5 10. Bf4 b6 11. d5 cxd5 12. exd5 exd5 13. Nxd5 Nxd5 14. Qxd5 Ra7 15. Rfd1 Nc5 16. Qxc4 Qe8 17. Nd4 Ba6 {1-0 (40) Melkumyan,H (2670)-Paravyan,D (2634) St Petersburg 2018}) 9... c5 10. e3 Rb8 $146 ({Predecessor:} 10... Nd5 11. Qe2 cxd4 12. exd4 N7f6 13. Qxc4 Bd7 14. Ne5 Rc8 15. Qb3 {1-0 (31) Gospodarczyk,W (1523)-Jedynak,J (1827) Polanica Zdroj 2018}) 11. Qe2 b5 12. axb6 $1 Nxb6 ({Better is} 12... Rxb6 $11 13. Rxa7 Bb7) 13. Rxa7 (13. Rd1 $1 $14) 13... Bb7 $11 14. Rd1 $36 {[%mdl 2048] White is pushing.} Qc8 15. e4 Rd8 16. Be3 Nfd7 (16... Ra8 $11 17. Rda1 Nxe4) 17. Bf4 Ra8 18. Rxa8 Bxa8 (18... Qxa8 $11 {keeps the balance.} 19. d5 exd5) 19. d5 $16 exd5 20. exd5 Bf6 21. d6 (21. Ng5 $1 $14 Bxc3 {[#]} 22. Qh5 $1 {[%mdl 512]} (22. bxc3 Nf6 $11)) 21... Re8 $11 22. Qd2 Bc6 23. Re1 Qa8 24. Nh4 Bxg2 25. Nxg2 h6 26. h4 Bd4 27. Re2 (27. Re7 $11) 27... Nf6 (27... Rxe2 $17 28. Qxe2 Qa1+ 29. Kh2 Bxc3 30. Qe8+ Nf8 31. bxc3 Qxc3) 28. Qe1 Qc6 29. Ne3 Qd7 30. Ned1 {Accuracy: White = 43%, Black = 49%.} (30. Ng4 $11 Rxe2 31. Nxf6+ Bxf6 32. Qxe2) 1/2-1/2

[Event "Skalica Open 2019"]
[Site "Skalica"]
[Date "2019.08.25"]
[Round "1.15"]
[White "Matejovic, Juraj"]
[Black "Kuna, Martin"]
[Result "0-1"]
[WhiteElo "2237"]
[BlackElo "1969"]
[Annotator "TA"]
[PlyCount "102"]
[EventDate "2019.08.25"]
[EventType "swiss"]
[EventCountry "SVK"]
[SourceTitle "playchess.com"]
[Source "ChessBase"]
[SourceQuality "1"]

{[%evp 21,102,43,52,40,43,47,79,73,87,60,104,110,104,105,106,74,70,71,79,56,68,62,65,42,102,88,114,113,118,62,33,13,16,15,39,23,21,18,23,0,0,0,0,-6,42,48,45,0,0,-20,-22,-95,-103,-98,-103,-396,-389,-457,-468,-564,-556,-643,-618,-29971,-29972,-29972,-29973,-29973,-29974,-29975,-29976,-29977,-29977,-29978,-29978,-29979,-29980,-29982,-29983,-29983,-29984,-29984,-29985]} 1. e4 c5 2. Nf3 d6 3. Bb5+ Bd7 4. Bxd7+ Qxd7 5. O-O Nc6 6. c3 Nf6 7. d4 cxd4 8. cxd4 d5 9. e5 Ne4 10. Ne1 h6 11. f3 Ng5 12. Be3 {B52: Sicilian: Moscow Variation with 3...Bd7} (12. Nc3 e6 13. h4 Nh7 14. Be3 Be7 15. Bf2 h5 16. f4 Nf8 17. Nd3 g6 18. Rc1 Qd8 19. Nc5 Rb8 {1-0 (38) Becerra Rivero,J (2546)-Arenas Vanegas,D (2435) Las Vegas 2014}) 12... e6 13. Nc3 f5 14. exf6 {White is better.} gxf6 15. f4 Nf7 $146 {[#]} ({Predecessor:} 15... Ne4 16. f5 Nxc3 17. Qh5+ Qf7 18. Qxf7+ Kxf7 19. fxe6+ Kxe6 20. bxc3 {½-½ (68) Rooze,J (2338)-Szeberenyi,A (2308) Budapest 2010}) 16. f5 $1 {[%mdl 512]} O-O-O (16... exf5 17. Nd3) 17. fxe6 Qxe6 18. Qf3 Ng5 19. Qf5 Bg7 20. Rc1 Rhe8 {aiming for ...Qxf5.} 21. Qxe6+ Nxe6 22. Rf5 Kb8 (22... Nexd4 $14 23. Bxd4 Nxd4 24. Nb5+ {[%mdl 64] Discovered Attack} (24. Rxd5 f5 $11) 24... Nc6) 23. Nf3 Ne7 24. Rh5 f5 25. Bf2 (25. Bxh6 $16 Bxd4+ 26. Nxd4 Nxd4 27. Bg5) 25... Nc6 {[%cal Rc6d4]} 26. Rxf5 Nexd4 27. Nxd4 Nxd4 28. Rf7 Be5 29. Re1 {Hoping for Rxe5!} Nc6 30. Rf5 d4 $36 {[%mdl 2048] Black has the initiative.} 31. Nd1 d3 {next ...d2 is good for Black.} 32. Kf1 Bc7 33. Rxe8 Rxe8 34. Rf3 Ne5 35. Rf5 Ng4 {And now ...d2 would win.} 36. g3 (36. Rd5 $11) 36... Nxh2+ $17 37. Kg2 Ng4 38. Rd5 $2 {[%mdl 8192]} (38. Kf3 $17 {was worth a try.} Ne5+ 39. Ke4) 38... Re2 $19 39. Rxd3 Nxf2 40. Nxf2 {[%mdl 4096] Endgame KRB-KRN} Bb6 41. Rf3 Rxb2 42. Kf1 Rxf2+ {Black mates.} 43. Rxf2 Bxf2 44. Kxf2 {K3P-KPP} b5 45. Ke3 Kc7 46. Kd4 Kc6 47. g4 a5 {[%cal Ba7a5,Ba5b4][%mdl 32]} 48. a3 Kd6 49. Kd3 Ke5 50. Ke3 b4 51. axb4 axb4 {Accuracy: White = 39%, Black = 64%.} 0-1

[Event "Skalica Open 2019"]
[Site "Skalica"]
[Date "2019.08.25"]
[Round "1.16"]
[White "Lhotska, Anna"]
[Black "Istona, Martin"]
[Result "0-1"]
[WhiteElo "1966"]
[BlackElo "2235"]
[Annotator "TA"]
[PlyCount "50"]
[EventDate "2019.08.25"]
[EventType "swiss"]
[EventCountry "SVK"]
[SourceTitle "playchess.com"]
[Source "ChessBase"]
[SourceQuality "1"]

{[%evp 13,50,-18,0,-14,17,8,14,-3,-14,-85,0,0,-7,-7,-9,-56,-58,-57,-58,-82,-64,-77,-64,-106,-113,-112,-79,-87,-82,-96,-110,-232,-224,-284,-296,-476,-481,-462,-461]} 1. c4 g6 2. Nc3 Bg7 3. Nf3 c5 4. g3 Nc6 5. Bg2 e6 6. O-O Nge7 7. d3 d5 8. Rb1 {A37: Symmetrical English vs ...g6: 4 Bg2 Bg7 5 Nf3} (8. Bg5 h6 9. cxd5 hxg5 10. dxc6 Nxc6 11. Nd2 Bd7 12. Rc1 b6 13. e3 Rc8 14. Qe2 Ne7 15. Nde4 Nf5 {1-0 (91) Fedoseev,V (2659)-Savchenko,B (2567) Berlin 2015}) 8... Qd7 $146 ({Predecessor:} 8... O-O 9. Bg5 h6 10. Bd2 b6 11. a3 a5 {½-½ (11) Gonzalez Verges,A (2276)-Munoz Pantoja,M (2475) Barcelona 2015}) 9. a3 b6 10. Qc2 {The position is equal.} Bb7 11. b4 (11. cxd5 $11 {keeps the balance.} exd5 12. Bf4) 11... dxc4 (11... Nd4 $1 $17 {[%cal Rd4c2]} 12. Nxd4 cxd4) 12. dxc4 $11 Nd4 13. Nxd4 $1 cxd4 14. Ne4 O-O 15. Rd1 f5 16. Nd2 Bxg2 17. Kxg2 Qc6+ 18. Kg1 {[#]} Nd5 $1 {[%cal Rd5c3][%mdl 576] ...Nc3 is the strong threat. Pin} 19. Rb3 (19. cxd5 Qxc2) 19... Rac8 $40 {[%mdl 128] White is in trouble.} 20. Bb2 Nc3 $1 {[%cal Rc3e2]} 21. Re1 Rfd8 22. b5 {[#]} (22. Bxc3 $17 dxc3 23. Rxc3) 22... Nxb5 $1 $19 {[%mdl 512]} 23. Qd3 ({But not} 23. Rxb5 $2 {[#]} Qxb5 $1 {[%mdl 512]} 24. Rb1 Qd7 $19) 23... Nc3 24. e3 $2 (24. Rb4) 24... Na4 25. Ba1 Nc5 {[%mdl 64] Double Attack. Accuracy: White = 20%, Black = 69%.} 0-1

[Event "Skalica Open 2019"]
[Site "Skalica"]
[Date "2019.08.25"]
[Round "1.17"]
[White "Karas, Marek"]
[Black "Chan, Naruna"]
[Result "1-0"]
[WhiteElo "2233"]
[BlackElo "1950"]
[Annotator "NA"]
[PlyCount "101"]
[EventDate "2019.08.25"]
[EventType "swiss"]
[EventCountry "SVK"]
[SourceTitle "playchess.com"]
[Source "ChessBase"]
[SourceQuality "1"]
[TimeControl "40/5400+30:1800+30"]

1. d4 d5 {[%emt 0:00:00]} 2. c4 {[%emt 0:00:25]} e6 {[%emt 0:00:00]} 3. Nf3 {[%emt 0:00:45]} Nf6 {[%emt 0:00:00]} 4. e3 {[%emt 0:01:32]} Be7 {[%emt 0:03:23]} 5. Bd3 {[%emt 0:02:19]} O-O {[%emt 0:00:35]} 6. O-O {[%emt 0:00:49]} a6 {[%emt 0:05:21]} 7. Nbd2 {[%emt 0:02:58]} c5 {[%emt 0:02:40]} 8. dxc5 {[%emt 0:02:11]} Bxc5 {[%emt 0:02:03]} 9. a3 {[%emt 0:01:52]} dxc4 {[%emt 0:05:16]} 10. Nxc4 {[%emt 0:01:11]} b5 {[%emt 0:02:29]} 11. Nce5 {[%emt 0:00:46]} Bb7 {[%emt 0:02:35]} 12. Qe2 {[%emt 0:05:08]} Bd6 {[%emt 0:03:10]} 13. b4 {[%emt 0:03:30]} Nbd7 {[%emt 0:02:13]} 14. Bb2 {[%emt 0:03:22]} Nxe5 {[%emt 0:04:01]} 15. Nxe5 {[%emt 0:00:16]} Bxe5 {[%emt 0:00:22]} 16. Bxe5 {[%emt 0:00:20]} Bxg2 {[%emt 0:03:28]} 17. Rfd1 {[%emt 0:01:06]} Bd5 {[%emt 0:03:00]} 18. e4 {[%emt 0:02:34]} Bc6 {[%emt 0:10:19]} 19. Rac1 {[%emt 0:12:01]} Nd7 {[%emt 0:11:04]} 20. Bb2 {[%emt 0:03:36]} Rc8 {[%emt 0:01:53]} 21. Qg4 {[%emt 0:02:12]} Nf6 {[%emt 0:10:26]} 22. Qf4 {[%emt 0:06:51]} Qe7 {[%emt 0:03:51]} 23. Rc5 {[%emt 0:02:35]} Rfd8 {[%emt 0:03:14]} 24. Rg5 {[%emt 0:00:59]} Ne8 {[%emt 0:01:25]} 25. Rg3 {[%emt 0:05:48]} f6 {[%emt 0:02:18]} 26. Kh1 {[%emt 0:02:47]} e5 {[%emt 0:00:18]} 27. Qh4 {[%emt 0:02:00]} Bd7 {[%emt 0:06:49]} 28. Rdg1 {[%emt 0:02:22]} Be6 {[%emt 0:00:55]} 29. Bf1 {[%emt 0:04:28]} Rd2 {[%emt 0:00:52]} 30. Bxe5 {[%emt 0:01:21]} Rxf2 {[%emt 0:04:41]} 31. Bd4 {[%emt 0:00:28]} Rxf1 {[%emt 0:02:13]} 32. Rxf1 {[%emt 0:00:26]} Kh8 {[%emt 0:00:14]} 33. e5 {[%emt 0:01:12]} Qb7+ {[%emt 0:00:29]} 34. Kg1 {[%emt 0:00:23]} f5 {[%emt 0:01:45]} 35. Rh3 {[%emt 0:01:30]} h6 {[%emt 0:01:15]} 36. Bc5 {[%emt 0:01:16]} Nc7 {[%emt 0:02:43]} 37. Qf4 {[%emt 0:00:56]} Nd5 {[%emt 0:00:19]} 38. Qd2 {[%emt 0:01:23]} Re8 {[%emt 0:00:21]} 39. Rd3 {[%emt 0:01:29]} Nb6 {[%emt 0:00:44]} 40. Rd8 {[%emt 0:00:18]} Rg8 {[%emt 0:00:43]} 41. Rxg8+ {[%emt 0:33:38]} Bxg8 {[%emt 0:30:06]} 42. Qg2 {[%emt 0:02:44]} Qc7 {[%emt 0:00:00]} 43. Rxf5 {[%emt 0:00:00]} Nc4 {[%emt 0:00:00]} 44. Qe4 {[%emt 0:00:00]} Qd7 {[%emt 0:00:00]} 45. Bd4 Qe8 {[%emt 0:00:00]} 46. Rf2 {[%emt 0:00:00]} Qh5 {[%emt 0:00:00]} 47. h4 {[%emt 0:00:00]} Bh7 {[%emt 0:00:00]} 48. Rf8+ {[%emt 0:00:00]} Bg8 {[%emt 0:00:00]} 49. e6 {[%emt 0:00:00]} Qd1+ {[%emt 0:00:00]} 50. Kh2 {[%emt 0:00:00]} Qd2+ {[%emt 0:01:28]} 51. Rf2 {[%emt 0:00:00]} 1-0

[Event "Skalica Open 2019"]
[Site "Skalica"]
[Date "2019.08.25"]
[Round "1.18"]
[White "Kovarikova, Maria"]
[Black "Bochnicka, Vladimir"]
[Result "1/2-1/2"]
[WhiteElo "1854"]
[BlackElo "2193"]
[Annotator "NA"]
[PlyCount "78"]
[EventDate "2019.08.25"]
[EventType "swiss"]
[EventCountry "SVK"]
[SourceTitle "playchess.com"]
[Source "ChessBase"]
[SourceQuality "1"]
[TimeControl "40/5400+30:1800+30"]

1. e4 {[%emt 0:00:00]} c5 {[%emt 0:00:02]} 2. Nc3 {[%emt 0:00:00]} Nc6 {[%emt 0:00:12]} 3. g3 {[%emt 0:00:00]} g6 {[%emt 0:02:30]} 4. Bg2 {[%emt 0:00:00]} Bg7 {[%emt 0:00:20]} 5. d3 {[%emt 0:00:00]} d6 {[%emt 0:04:49]} 6. f4 {[%emt 0:01:03]} e5 {[%emt 0:02:26]} 7. Nh3 {[%emt 0:09:24]} Nge7 {[%emt 0:03:03]} 8. O-O {[%emt 0:01:50]} O-O {[%emt 0:03:03]} 9. f5 {[%emt 0:07:49]} gxf5 {[%emt 0:18:54]} 10. Qh5 {[%emt 0:04:26]} Nd4 {[%emt 0:18:56]} 11. Bh6 {[%emt 0:18:58]} Bxh6 {[%emt 0:20:56]} 12. Qxh6 {[%emt 0:01:14]} f6 {[%emt 0:00:10]} 13. exf5 {[%emt 0:14:11]} Bxf5 {[%emt 0:05:43]} 14. Nd5 {[%emt 0:11:33]} Nxd5 {[%emt 0:02:18]} 15. Bxd5+ {[%emt 0:00:23]} Be6 {[%emt 0:02:29]} 16. Be4 {[%emt 0:03:22]} Qd7 {[%emt 0:03:57]} 17. Nf2 {[%emt 0:15:02]} f5 {[%emt 0:01:33]} 18. Bg2 {[%emt 0:00:25]} Qg7 {[%emt 0:00:47]} 19. Qd2 {[%emt 0:00:33]} f4 {[%emt 0:01:11]} 20. c3 {[%emt 0:02:59]} Nf5 {[%emt 0:03:37]} 21. g4 {[%emt 0:01:38]} Ne3 {[%emt 0:01:41]} 22. Rfe1 {[%emt 0:01:41]} Nxg2 {[%emt 0:00:21]} 23. Kxg2 {[%emt 0:00:19]} Bxg4 {[%emt 0:00:09]} 24. Rg1 {[%emt 0:01:13]} Rf6 {[%emt 0:02:03]} 25. Nxg4 {[%emt 0:00:25]} Rg6 {[%emt 0:00:09]} 26. Kh1 {[%emt 0:00:14]} Kh8 {[%emt 0:00:32]} 27. Nf2 {[%emt 0:00:32]} Rg8 {[%emt 0:00:22]} 28. Rxg6 {[%emt 0:01:51]} Qxg6 {[%emt 0:00:10]} 29. Ne4 {[%emt 0:00:16]} d5 {[%emt 0:01:06]} 30. Nxc5 {[%emt 0:00:18]} b6 {[%emt 0:00:35]} 31. Nb3 {[%emt 0:00:43]} f3 {[%emt 0:00:45]} 32. Qf2 {[%emt 0:01:29]} Qxd3 {[%emt 0:00:31]} 33. Re1 {[%emt 0:00:45]} Rg2 {[%emt 0:00:36]} 34. Qh4 {[%emt 0:00:48]} Qg6 {[%emt 0:00:32]} 35. Qd8+ {[%emt 0:00:26]} Kg7 {[%emt 0:00:01]} 36. Qe7+ {[%emt 0:00:12]} Kg8 {[%emt 0:00:36]} 37. Qd8+ {[%emt 0:00:38]} Kg7 {[%emt 0:00:35]} 38. Qe7+ {[%emt 0:00:09]} Kg8 {[%emt 0:00:20]} 39. Qd8+ {[%emt 0:00:17]} Kg7 {[%emt 0:00:48]} 1/2-1/2

[Event "Skalica Open 2019"]
[Site "Skalica"]
[Date "2019.08.25"]
[Round "1.23"]
[White "Londin, Martin"]
[Black "Hrubsa, Marian"]
[Result "0-1"]
[WhiteElo "1930"]
[BlackElo "1888"]
[Annotator "NA"]
[PlyCount "72"]
[EventDate "2019.08.25"]
[EventType "swiss"]
[EventCountry "SVK"]
[SourceTitle "playchess.com"]
[Source "ChessBase"]
[SourceQuality "1"]
[TimeControl "40/5400+30:1800+30"]

1. e4 {[%emt 0:00:00]} e6 {[%emt 0:00:00]} 2. d4 {[%emt 0:00:00]} d5 {[%emt 0:00:00]} 3. exd5 {[%emt 0:00:00]} exd5 {[%emt 0:00:00]} 4. Nc3 {[%emt 0:00:06]} c6 {[%emt 0:01:53]} 5. Nf3 {[%emt 0:00:40]} Bd6 {[%emt 0:00:16]} 6. Bd3 {[%emt 0:00:28]} Ne7 {[%emt 0:00:28]} 7. O-O {[%emt 0:00:15]} O-O {[%emt 0:00:36]} 8. Bd2 {[%emt 0:02:17]} Bf5 {[%emt 0:01:01]} 9. Bxf5 {[%emt 0:01:57]} Nxf5 {[%emt 0:00:54]} 10. Re1 {[%emt 0:00:27]} Nd7 {[%emt 0:03:32]} 11. Be3 {[%emt 0:10:36]} Re8 {[%emt 0:07:46]} 12. Qd3 {[%emt 0:01:58]} Nh4 {[%emt 0:01:56]} 13. Bd2 {[%emt 0:01:49]} Nxf3+ {[%emt 0:03:32]} 14. Qxf3 {[%emt 0:00:16]} Qh4 {[%emt 0:00:56]} 15. g3 {[%emt 0:03:18]} Qxd4 {[%emt 0:03:10]} 16. Be3 {[%emt 0:01:50]} Qf6 {[%emt 0:02:50]} 17. Qxf6 {[%emt 0:03:52]} Nxf6 {[%emt 0:01:17]} 18. Re2 {[%emt 0:00:14]} Ne4 {[%emt 0:08:46]} 19. Nxe4 {[%emt 0:00:43]} Rxe4 {[%emt 0:00:54]} 20. c3 {[%emt 0:00:14]} Rae8 {[%emt 0:01:30]} 21. Rae1 {[%emt 0:00:23]} f5 {[%emt 0:05:13]} 22. Kf1 {[%emt 0:01:08]} b6 {[%emt 0:03:42]} 23. f3 {[%emt 0:01:08]} R4e6 {[%emt 0:01:25]} 24. Kf2 {[%emt 0:01:27]} h6 {[%emt 0:05:35]} 25. h4 {[%emt 0:01:17]} Rg6 {[%emt 0:00:48]} 26. f4 {[%emt 0:02:08]} h5 {[%emt 0:04:22]} 27. Kf3 {[%emt 0:01:01]} Rge6 {[%emt 0:00:56]} 28. Kf2 {[%emt 0:01:04]} Kf7 {[%emt 0:00:31]} 29. Kf3 {[%emt 0:00:28]} Re4 {[%emt 0:01:17]} 30. Kf2 {[%emt 0:01:17]} R8e6 {[%emt 0:00:39]} 31. b3 {[%emt 0:02:09]} g6 {[%emt 0:04:13]} 32. Kf3 {[%emt 0:02:09]} Ke7 {[%emt 0:00:45]} 33. Rd2 {[%emt 0:01:12]} Kd7 {[%emt 0:04:30]} 34. Rd3 {[%emt 0:01:37]} Kc7 {[%emt 0:00:35]} 35. Ke2 {[%emt 0:00:33]} Bc5 {[%emt 0:01:59]} 36. Kd2 {[%emt 0:02:47]} d4 {[%emt 0:02:27]} 0-1